000 00605nam a2200217Ia 4500
008 180523s9999 xx 000 0 und d
020 _a981-243-474-7
050 _aMAIN HF 5679
050 _b.K56 2001
100 _aKlooster, Dale H.
245 0 _aKlooster & Allen's integrated accounting for windows /
245 0 _cDale H. Klooster, Warren W. Allen.
250 _a3rd Edition
260 _aSingapore :
260 _bThomson Learning,
260 _c2001
300 _a601 pages :
300 _c25 cm.
500 _aIncludes index.
650 _aAccounting -- Data processing -- Software.
999 _c357204
_d357204